LEADER 01242nam 2200373 450 001 990006098640203316 005 20151112143851.0 010 $a978-88-217-5161-5 035 $a000609864 035 $aUSA01000609864 035 $a(ALEPH)000609864USA01 035 $a000609864 100 $a20080915d2008----km-y0itay50------ba 101 $aita 102 $aIT 105 $a||||||||001yy 200 1 $aCodice commentato del fallimento$enormativa comunitari transfrontaliera disciplina tributaria$eaggiornato con il D.Lgs. 12 settembre 2007, n. 169 "Correttivo della Riforma fallimentare"$fdiretto da Giovanni Lo Cascio 210 $a[Milanofiori, Assago]$cipsoa$dcopyr. 2008 215 $aXXVIII, 2083 p.$d21 cm 225 2 $aCommentari 410 0$12001$aCommentari 454 1$12001 461 1$1001-------$12001 606 0 $aFallimento$xLegislazione$2BNCF 676 $a346.4507802632 702 1$aLo CASCIO,$bGiovanni 801 0$aIT$bsalbc$gISBD 912 $a990006098640203316 951 $aXXV.3.B 311 (codex 1286)$b60872 G.$cXXV.3.B 311 (CODEX)$d00167046 959 $aBK 969 $aGIU 979 $aFIORELLA$b90$c20151112$lUSA01$h1438 996 $aCodice commentato del fallimento$91016326 997 $aUNISA